=LDR 00000nam 2200000 4500 =001 INLIS000000000005916 =005 20251030082232 =035 ##$$a 0010-1025000971 =007 ta =008 251030###########################0#ind## =082 ##$$a 372.6 =084 ##$$a 372.6 BAD c =100 #$$a Badan Koordinasi Keluarga Berencana Nasional =245 1#$$a CARA-CARAENULISAN BAHAN/BUKU PEEGAJAPAN /$c Badan Koordinasi Keluarga Berencana Nasional =260 ##$$a Cipayung :$b Badan Koordinasi Keluarga Berencana Nasional,$c 1980 =300 ##$$a 8 Hal : $b ilus ; $c 21 =650 #4$$a Keluarga Berencana =856 ##$$a Perpustakaan Kemendukbangga